Isotopic and chemical composition of inorganic and organic water-quality samples from the Mississippi River basin, 1997-98 /

Bibliographic Details
Corporate Authors: Gulf of Mexico Program (U.S.), Geological Survey (U.S.)
Other Authors: Battaglin, William A.
Format: Government Document Book
Language:English
Published: Denver, Colo. : U.S. Dept. of the Interior, U.S. Geological Survey ; 2001.
Series:Water-resources investigations report ; 01-4095.
Subjects:

MARC

Tag First Indicator Second Indicator Subfields
LEADER 00000cam a2200000 a 4500
001 in00001641781
005 20151023065120.0
008 010827s2001 couab b f000 0 eng c
010 |a  2001387103 
035 |a (OCoLC)ocm47635597 
040 |a GIS  |c GIS  |d GPO  |d AGL  |d DLC  |d OCLCQ  |d GPO  |d MvI  |d UtOrBLW 
042 |a pcc 
043 |a n-us-ms 
049 |a FedD 
070 0 |a GB701  |b .W375 no. 2001-4095 
072 0 |a P200 
072 0 |a W000 
074 |a 0624-B 
082 0 0 |a 553.7/0973 s  |a 363.739/42/09762  |2 21 
086 0 |a I 19.42/4:01-4095 
245 0 0 |a Isotopic and chemical composition of inorganic and organic water-quality samples from the Mississippi River basin, 1997-98 /  |c by William A. Battaglin [and others] ; prepared in cooperation with the U.S. Environmental Protection Agency, Gulf of Mexico Program. 
264 1 |a Denver, Colo. :  |b U.S. Dept. of the Interior, U.S. Geological Survey ;  |c 2001. 
264 2 |a Denver, CO :  |b Information Services [distributor], 
300 |a v, 57 pages :  |b illustrations (some color), color maps ;  |c 28 cm. 
336 |a text  |b txt  |2 rdacontent 
337 |a unmediated  |b n  |2 rdamedia 
338 |a volume  |b nc  |2 rdacarrier 
490 1 |a Water-resources investigations report ;  |v 01-4095 
500 |a Shipping list number: 2001-0283-P. 
500 |a Shipping List Date: 08/14/2001 
504 |a Includes bibliographical references (pages 54-57). 
650 0 |a Nutrient pollution of water  |z Mississippi River Watershed. 
650 0 |a Water  |x Nitrogen content  |z Mississippi River Watershed. 
650 0 |a Water  |x Composition  |z Mississippi River Watershed. 
650 0 |a Water quality  |z Mississippi River Watershed. 
776 0 |a Isotopic and chemical composition of inorganic and organic water-quality samples from the Mississippi River basin, 1997-98  |h v, 57 p.  |w (OCoLC)262698556 
700 1 |a Battaglin, William A. 
710 2 |a Gulf of Mexico Program (U.S.) 
710 2 |a Geological Survey (U.S.) 
830 0 |a Water-resources investigations report ;  |v 01-4095. 
999 |a MARS 
999 f f |s 1551dd62-12c8-3ec9-b121-a610252c4299  |i 39c9f586-8688-3f4d-adb7-f03dc83ce0c1  |t 0 
952 f f |p normal  |a Texas A&M University  |b College Station  |c Sterling C. Evans Library  |d Evans: US Documents (Annex 5th floor)  |t 0  |e I 19.42/4:01-4095  |h Superintendent of Documents classification  |i unmediated -- volume  |m A14827548068 
998 f f |a I 19.42/4:01-4095  |t 0  |l Evans: US Documents (Annex 5th floor)